| 000 | 00542nam a22001937a 4500 | ||
|---|---|---|---|
| 003 | MPLRDC | ||
| 005 | 20220104143039.0 | ||
| 008 | 210129b ||||| |||| 00| 0 eng d | ||
| 020 | _a978-957-33-2978-7 | ||
| 082 | _a848.2 SM-40 v.11 | ||
| 100 | _a三毛 | ||
| 245 |
_a思念的长河 _c |
||
| 250 | _a初版一刷 (三毛典藏初版一刷) | ||
| 260 |
_a台湾 _b皇冠文化出版有限公司 _c2013 |
||
| 300 | _b231 | ||
| 490 | _a皇冠丛书: 第4295种; 三毛典藏: 11 | ||
| 650 | _a现代别集 | ||
| 942 |
_cBK _o848.2 SM-40 v.11 |
||
| 999 |
_c36115 _d36105 |
||